000 00165nam a2200073Ia 4500
008 170620s9999 xx 000 0 und d
100 _aPASSI AND SINGH
245 0 _aVALUE EDUCATION
260 _bAPOLO
999 _c27393
_d27393